00670nam a2200229Ia 4500001000600000003000900006008004100015040001300056040001300069041001300082100003500095100002900130245006500159245001500224250001100239260001200250260001300262260004900275300005700324650002800381650003100409 2848IT-RoPAU130308s9999 xx 000 0 und d aIT-RoPAU cIT-RoPAU aITALIANO aGarzoni da Bagnacavallo Tomaso gCodice Aut. SPICS: 6244 aDe' formatori di spettacoli in genere, e de' ceretani o ciur bClowns (I) a1a ed. aBOLOGNA bCappelli c1970 [1° Ed.:1970 - Ed.Ling.Originale:1970] a"8 p. (prefazione: no ; testo: 8 [pagine: 188-195])" aAUTORI/OPERE DEL CINEMA eCodice materia Spics: 6807